|
|
|
|
| LEADER |
00000nas a2200000 a 4500 |
| 001 |
ssj0000314582 |
| 003 |
WaSeSS |
| 005 |
20200512172242.0 |
| 006 |
m d |
| 007 |
cr n |
| 008 |
090427c20089999nz uu p s 0 0eng c |
| 010 |
|
|
|a 2010256093
|
| 016 |
7 |
|
|a 994199937
|2 DE-101
|
| 016 |
7 |
|
|a 2494782-9
|2 DE-600
|
| 016 |
7 |
|
|a 101524435
|2 DNLM
|
| 022 |
|
|
|a 1177-8903
|l 1177-8903
|
| 035 |
|
|
|a (WaSeSS)ssj0000314582
|
| 040 |
|
|
|a NZ1
|b eng
|c NZ1
|d OCLCQ
|d RBN
|d DEBBG
|d GWDNB
|d NLM
|d CUS
|d OCLCQ
|d OCLCF
|d OCLCO
|d SELUL
|d EUW
|d OCLCO
|d OCLCQ
|d OCLCO
|d OCLCQ
|d AU@
|d OCLCO
|d OCLCA
|d WaSeSS
|
| 042 |
|
|
|a pcc
|
| 050 |
1 |
4 |
|a T174.7
|
| 060 |
1 |
0 |
|a W1
|
| 082 |
0 |
4 |
|a 620.505
|2 22
|
| 210 |
1 |
|
|a Nanotechnol. sci. appl.
|
| 210 |
1 |
0 |
|a Nanotechnol Sci Appl
|2 dnlm
|
| 222 |
|
0 |
|a Nanotechnology, science and applications
|
| 245 |
0 |
0 |
|a Nanotechnology, science and applications
|h [electronic resource].
|
| 260 |
|
|
|a [Auckland, N.Z.] :
|b Dove Medical Press
|
| 362 |
1 |
|
|a Began with vol. 1 (2008).
|
| 506 |
|
|
|a License restrictions may limit access.
|
| 515 |
|
|
|a Articles added irregularly during the year and collected into annual issues.
|
| 588 |
|
|
|a Description based on first issue; title from journal home page (viewed May 7, 2009).
|
| 588 |
|
|
|a Latest issue consulted: 2011:4 (viewed Oct. 5, 2011).
|
| 650 |
|
0 |
|a Nanotechnology
|v Periodicals.
|
| 650 |
|
0 |
|a Nanomedicine
|v Periodicals.
|
| 650 |
1 |
2 |
|a Nanotechnology.
|
| 650 |
|
7 |
|a Nanomedicine.
|2 fast
|0 (OCoLC)fst01744350
|
| 650 |
|
7 |
|a Nanotechnology.
|2 fast
|0 (OCoLC)fst01032639
|
| 655 |
|
0 |
|a Electronic journals.
|
| 856 |
4 |
0 |
|z Full text available from Research Library: 01/01/2008 to 12/31/2012
|u https://search.proquest.com/publication/3933389
|
| 856 |
4 |
0 |
|z Full text available from Research Library: 01/01/2014 to present
|u https://search.proquest.com/publication/3933389
|